000 00292nam a22001337a 4500
008 170306b xxu||||| |||| 00| 0 eng d
020 _a639785305743
041 _aeng
080 _a611
100 _a6
101 _aSHM
245 _aHUMAN ANATOMY AND PHYSIOLOGY
_cVAN.K.M
942 _2udc
_cBK
999 _c6901
_d6901